000 00485nam a2200169 i 4500
001 44371
003 ES-MaACL
005 20250930063048.0
007 t|
008 030321s1960 sp ||||1| spa d
100 1 _aClarasó, Noel,
_d1899-1985
_939003
245 1 3 _aLa guerra de los sexos /
_cNoel Clarasó.
260 _aBarcelona :
_b[s.n.,
_c1960] (
_fGráficas Diamante)
300 _a333 p. ;
_c19 cm.
852 _aES-MaACL
_jC-18038
_bR.45810
999 _c44371
_d44371